<?xml version="1.0" encoding="UTF-8"?>
<record
    xmlns:xsi="http://www.w3.org/2001/XMLSchema-instance"
    xsi:schemaLocation="http://www.loc.gov/MARC21/slim http://www.loc.gov/standards/marcxml/schema/MARC21slim.xsd"
    xmlns="http://www.loc.gov/MARC21/slim">

  <leader>01874nam a2200301 u 4500</leader>
  <controlfield tag="001">000048896</controlfield>
  <controlfield tag="005">20200120222620.0</controlfield>
  <controlfield tag="008">120509s2009    sp     jr     000 0 spa d</controlfield>
  <datafield tag="020" ind1=" " ind2=" ">
    <subfield code="a">9788434228276.</subfield>
  </datafield>
  <datafield tag="043" ind1=" " ind2=" ">
    <subfield code="a">e-sp---</subfield>
  </datafield>
  <datafield tag="082" ind1="0" ind2="4">
    <subfield code="a">927.92</subfield>
    <subfield code="b">L86</subfield>
    <subfield code="2">21</subfield>
  </datafield>
  <datafield tag="100" ind1="1" ind2=" ">
    <subfield code="a">Luque, Luis.</subfield>
  </datafield>
  <datafield tag="245" ind1="1" ind2="0">
    <subfield code="a">Charles Chaplin /</subfield>
    <subfield code="c">texto Luis Luque ; ilustraciones Carles Arbat ; direcci&#xF3;n editorial Llu&#xED;s Borr&#xE1;s ; producci&#xF3;n Manel S&#xE1;nchez.</subfield>
  </datafield>
  <datafield tag="250" ind1=" " ind2=" ">
    <subfield code="a">5a. ed.</subfield>
  </datafield>
  <datafield tag="260" ind1=" " ind2=" ">
    <subfield code="a">Barcelona (Espa&#xF1;a) :</subfield>
    <subfield code="b">Parram&#xF3;n,</subfield>
    <subfield code="c">2009.</subfield>
  </datafield>
  <datafield tag="300" ind1=" " ind2=" ">
    <subfield code="a">63 p. :</subfield>
    <subfield code="b">il., col.</subfield>
  </datafield>
  <datafield tag="490" ind1=" " ind2="0">
    <subfield code="a">Me llamo...</subfield>
  </datafield>
  <datafield tag="500" ind1=" " ind2=" ">
    <subfield code="a">Incluye cronolog&#xED;a.</subfield>
  </datafield>
  <datafield tag="500" ind1=" " ind2=" ">
    <subfield code="a">Audiencia : A partir de 9 a&#xF1;os.</subfield>
  </datafield>
  <datafield tag="520" ind1="3" ind2=" ">
    <subfield code="a">"Nacido en Londres (Reino Unido), Charles Chaplin es una de las figuras capitales de la historia del cine. Hijo de un matrimonio de humildes actores, pas&#xF3; en pocos a&#xF1;os de la m&#xE1;s triste miseria a la fama y a ser el actor mejor pagado de su &#xE9;poca. En cuarenta a&#xF1;os intervino en cerca de ochenta pel&#xED;culas, en las que altern&#xF3; las tareas de actor, guionista, compositor de la banda sonora, director, realizador y productor. Considerado un genio del cine (primero mudo y m&#xE1;s tarde, sonoro), su carrera arranc&#xF3; con la pura comicidad, pas&#xF3; por el g&#xE9;nero sentimental y dram&#xE1;tico para, finalmente, abordar la denuncia social y pol&#xED;tica. Su gran creaci&#xF3;n fue el personaje de Charlot, un vagabundo inconfundible por su bigote, su sombrero de hongo, su bast&#xF3;n... y sus peripecias, que han emocionado a varias generaciones."</subfield>
  </datafield>
  <datafield tag="600" ind1="1" ind2="4">
    <subfield code="a">Chaplin, Charles Spencer,</subfield>
    <subfield code="d">1889-1977</subfield>
    <subfield code="v">Biograf&#xED;as</subfield>
    <subfield code="x">Literatura juvenil.</subfield>
  </datafield>
  <datafield tag="650" ind1="2" ind2="4">
    <subfield code="a">Actores ingleses</subfield>
    <subfield code="v">Biograf&#xED;as</subfield>
    <subfield code="x">Literatura juvenil.</subfield>
  </datafield>
  <datafield tag="650" ind1="2" ind2="4">
    <subfield code="a">Cine mudo</subfield>
    <subfield code="x">Historia</subfield>
    <subfield code="x">Literatura juvenil.</subfield>
  </datafield>
  <datafield tag="650" ind1="2" ind2="4">
    <subfield code="a">Cine</subfield>
    <subfield code="x">Historia</subfield>
    <subfield code="x">Literatura juvenil.</subfield>
  </datafield>
  <datafield tag="700" ind1="1" ind2=" ">
    <subfield code="a">Arbat, Carles,</subfield>
    <subfield code="e">il.</subfield>
  </datafield>
  <datafield tag="700" ind1="1" ind2=" ">
    <subfield code="a">Borr&#xE1;s, Llu&#xED;s,</subfield>
    <subfield code="e">dir.</subfield>
  </datafield>
  <datafield tag="700" ind1="1" ind2=" ">
    <subfield code="a">S&#xE1;nchez, Manel,</subfield>
    <subfield code="e">prod.</subfield>
  </datafield>
  <datafield tag="999" ind1=" " ind2=" ">
    <subfield code="c">3204</subfield>
    <subfield code="d">3204</subfield>
  </datafield>
  <datafield tag="952" ind1=" " ind2=" ">
    <subfield code="0">0</subfield>
    <subfield code="1">0</subfield>
    <subfield code="2">ddc</subfield>
    <subfield code="4">0</subfield>
    <subfield code="7">0</subfield>
    <subfield code="8">GEN</subfield>
    <subfield code="a">BPMOS</subfield>
    <subfield code="b">BPMOS</subfield>
    <subfield code="d">2020-01-20</subfield>
    <subfield code="i">112730</subfield>
    <subfield code="l">2</subfield>
    <subfield code="m">3</subfield>
    <subfield code="o">927.92 L86</subfield>
    <subfield code="p">MOS016589</subfield>
    <subfield code="r">2024-06-06</subfield>
    <subfield code="s">2022-07-12</subfield>
    <subfield code="t">ej.1</subfield>
    <subfield code="w">2020-01-20</subfield>
    <subfield code="y">BK</subfield>
    <subfield code="z">Ocho d&#xED;as</subfield>
  </datafield>
</record>
